Zelený marketing ako zdroj konkurenčnej výhody a príležitosť pre inováciu a udržateľný rozvoj v chemickom podniku

Krátky prierez problematiky zeleného marketingu a jeho vývoja, dôvody implementácie do podnikových procesov a definovanie „4P“ zeleného marketingu. Všetky tieto teoretické východiská sú implementované na produkt chemického podniku.

Salvato in:
Dettagli Bibliografici
Autore principale: Rypáková, Martina
Altri autori: Križanová, Anna
Natura: Capitolo di libro
Lingua:slovacco
Soggetti:
Tags: Aggiungi Tag
Nessun Tag, puoi essere il primo ad aggiungerne!!

MARC

LEADER 00000nla a2200000 4500
001 0182806
005 20220718112412.9
041 0 |a slo 
044 |a SK 
245 1 0 |a Zelený marketing ako zdroj konkurenčnej výhody a príležitosť pre inováciu a udržateľný rozvoj v chemickom podniku  |c Martina Rypáková, Anna Križanová 
520 |a Krátky prierez problematiky zeleného marketingu a jeho vývoja, dôvody implementácie do podnikových procesov a definovanie „4P“ zeleného marketingu. Všetky tieto teoretické východiská sú implementované na produkt chemického podniku. 
610 2 0 |a podnik 
610 2 0 |a chémia 
610 2 0 |a marketing environmentálny 
610 2 0 |a ochrana prostredia životného 
610 2 0 |a stratégia marketingová 
100 1 |a Rypáková, Martina 
700 1 |a Križanová, Anna